Kroatiens Nachbarstaaten - Statistiken

Allgemein
  • Dieses Quiz wurde 33 mal gespielt
  • Das Durchschnittsergebnis liegt bei 5 aus 5
Antwortstatistiken
Nachbarstaaten % Korrekt
Bosnien und Herzegowina
100%
Serbien
100%
Slowenien
100%
Montenegro
94%
Ungarn
87%
Keine übereinstimmenden Quizze gefunden
Verteilung der Resultate
Anzahl Personen mit jedem Resultat
Perzentil nach korrekt beantworteten Fragen
Ihre Resultats-Entwicklung
Sie haben dieses Quiz noch nicht gespielt